Gerónimo Paturot en busca de una posición social / (Record no. 163406)
[ view plain ]
| 000 -LEADER | |
|---|---|
| campo de control de longitud fija | 00676nam a2200145 i 4500 |
| 001 - NÚMERO DE CONTROL | |
| campo de control | 163406 |
| 003 - IDENTIFICADOR DE NÚMERO DE CONTROL | |
| campo de control | ES-MaACL |
| 005 - FECHA Y HORA DE LA ÚLTIMA TRANSACCIÓN | |
| campo de control | 20230906212732.0 |
| 008 - DATOS DE LONGITUD FIJA--INFORMACIÓN GENERAL | |
| campo de control de longitud fija | 030227s1854 sp a |||| | spa d |
| 100 1# - ENTRADA PRINCIPAL--NOMBRE DE PERSONA | |
| Nombre de persona | Reybaud, Louis. |
| 9 (RLIN) | 131750 |
| 245 10 - MENCIÓN DEL TÍTULO | |
| Título | Gerónimo Paturot en busca de una posición social / |
| Mención de responsabilidad, etc. | por Luis Reybaud ; ilustrada con 21 grabados ; publicada en el Folletín de las Novedades. |
| 260 ## - PUBLICACIÓN, DISTRIBUCIÓN, ETC. | |
| Lugar de publicación, distribución, etc. | Madrid : |
| Nombre del editor, distribuidor, etc. | [s.n.], |
| Fecha de publicación, distribución, etc. | 1854 ( |
| Fabricante | Imp. del Seminario y de la Ilustración, a cargo de G. Alhambra) |
| 300 ## - DESCRIPCIÓN FÍSICA | |
| Extensión | 164 p. : |
| Otras características físicas | il. ; |
| Dimensiones | 22 cm. |
| 852 ## - LOCALIZACIÓN | |
| Ubicación | ES-MaACL |
| Número de control de estantería | R-3049 |
| Encuadernación | G-15554 |
| Nota libre | - Enc. hol., conservando la enc. rúst. |
| -- | . - Sello Legado M. de la Fuente |
| Signatura antigua | - Olim: G-15554 |
| Estatus retirado | Estado de pérdida | Estado de daño | No para préstamo | Colección | Biblioteca de origen | Biblioteca actual | Ubicación en estantería | Fecha de adquisición | Fuente de adquisición | Total de préstamos | Signatura topográfica completa | Código de barras | Visto por última vez | Precio de reemplazo | Tipo de ítem Koha |
|---|---|---|---|---|---|---|---|---|---|---|---|---|---|---|---|
| Libros del s. XIX | Biblioteca del Ateneo de Madrid | Biblioteca del Ateneo de Madrid | Depósito | 17/01/2008 | R-3049 | 1171235 | 23/02/2023 | 23/02/2023 | Libro impreso antiguo |
